000 01578nam a2200397 i 4500
003 DO-SdBNP
005 20251008093622.0
006 a||||gr|||| 00| 0
007 ta
008 231115t1990 dr aobc| |||| 00| 0 spa d
040 _aDO-SdBNP
_bspa
_cBNPHU
_erda
041 _aspa
082 4 _a320.97293
_bM296o 1990
_222
100 1 _aMañón, Melvin,
_eautor
_4aut.
_910427
245 1 0 _aOperación estrella:
_bcon Caamaño, la resistencia y la inteligencia cubana /
_cMelvin Mañón ; prólogo, José Israel Cuello H.
250 _aCuarta edición
264 4 _aSanto Domingo :
_bEdiciones de Taller,
_c©1990
300 _a345 páginas :
_bIlustraciones, fotografías, mapas, retratos ;
_c21 cm.
336 _atexto
_btxt
_2rdacontent
337 _asin mediación
_bn
_2rdamedia
338 _avolumen
_bnc
_2rdacarrier
490 1 _aBiblioteca Taller
_v269
500 _aIncluye datos biográficos del autor en las solapas.
590 _aInventariado 2023 / MF
600 1 0 _aCaamaño Deñó, Francisco Alberto,
_d1932-1973
650 4 _aGuerrilla
_zRepública Dominicana
_933015
650 4 _aServicio de inteligencia
_xCuba
_xHistoria
_933016
650 4 _aRepública Dominica
_984644
651 4 _aRepública Dominicana
_xPolítica y gobierno
_945
651 4 _aRepública Dominica
_xHistoria
_y1966-1978
_933012
651 4 _aRepública Dominicana
_xRelación
_xCuba
_933725
651 4 _aCuba
_xRelación
_zRepública Dominicana
_933014
700 1 _aCuello H., José Israel,
_eprologuista
_4pr.
_96298
910 _aValidado. Control de calidad/ MAA
942 _2ddc
_cLBS1
999 _c55507
_d55507